| 000 | 00508nam a2200169 4500 | ||
|---|---|---|---|
| 001 | 127357 | ||
| 003 | ES-MaACL | ||
| 005 | 20230906193011.0 | ||
| 007 | t| | ||
| 008 | 070214s1971 sp r ||||1| spa d | ||
| 100 | 1 |
_aRichel, André. _996945 |
|
| 245 | 1 | 0 |
_aContribución al estudio del desarrollo humano / _cAndré Richel ; [traductor: Marcial Suárez]. |
| 260 |
_aMadrid : _bAyuso, _c1971. |
||
| 300 |
_a169 p. ; _c19 cm. |
||
| 700 | 0 |
_aSuárez, Marcial. _9108573 |
|
| 852 |
_aES-MaACL _jC-45320 _bR.79184 |
||
| 999 |
_c127357 _d127357 |
||